[Event "Olimpiada de Khanty-Mansiysk 2010"]
[Site "Khanty-Mansiysk RUS"]
[Date "2010.09.30"]
[Round "9"]
[White "Arenas, David"]
[Black "Sepp, Olav"]
[Result "1/2-1/2"]
[WhiteElo "2457"]
[BlackElo "2485"]
[PlyCount "217"]
[EventDate "2010.09.21"]
[EventType "team"]
[EventRounds "11"]
[EventCountry "RUS"]
[Source "lmi"]
[SourceDate "2010.09.21"]
[WhiteTeam "Colombia"]
[BlackTeam "Estonia"]
[WhiteTeamCountry "COL"]
[BlackTeamCountry "EST"]

1. e4 e5 2. Nf3 Nc6 3. Bb5 Nf6 4. d3 d6 5. c3 Be7 6. O-O O-O 7. Re1 a6 8. Ba4
b5 9. Bc2 Re8 10. Nbd2 Bf8 11. Nf1 h6 12. d4 Bg4 13. d5 Ne7 14. h3 Bd7 15. b3
c5 16. a4 Qb6 17. Be3 Qb7 18. Ng3 g6 19. Qd2 Kh7 20. Reb1 Bg7 21. Ra2 Nfg8 22.
b4 c4 23. Rba1 Rf8 24. axb5 Bxb5 25. Nh2 Bd7 26. f3 f5 27. Bf2 Bf6 28. Ngf1 Bg5
29. Qe2 Rf7 30. Ne3 fxe4 31. fxe4 Raf8 32. Rf1 Bxe3 33. Bxe3 Nf6 34. Raa1 g5
35. Ba4 Bxa4 36. Rxa4 Qc8 37. Bd2 Ng6 38. Ng4 Nf4 39. Bxf4 gxf4 40. Nxf6+ Rxf6
41. Rf3 Rg6 42. Ra2 Rfg8 43. Kh2 R8g7 44. Qf1 Rg5 45. Rb2 Qg8 46. Kh1 Kh8 47.
Ra2 h5 48. Rff2 Qc8 49. Kh2 Rg3 50. Qa1 Kh7 51. Rxa6 f3 52. Ra7 fxg2 53. Rxg7+
Rxg7 54. Rxg2 Rxg2+ 55. Kxg2 Qg8+ 56. Kh2 Qg5 57. Qe1 Qf4+ 58. Kg2 Qg5+ 59. Kh1
Qf4 60. b5 Qf3+ 61. Kh2 Qd3 62. b6 Qc2+ 63. Kg1 Qb2 64. Qe3 Kg6 65. Qg3+ Kh7
66. Qf2 Qb1+ 67. Kh2 Qb3 68. Qe3 h4 69. Kg2 Kg6 70. Qf2 Kg7 71. Qe3 Kg6 72. Kf3
Kh5 73. Qf2 Qxc3+ 74. Kg2 Qb4 75. Qf5+ Kh6 76. Qf6+ Kh5 77. Qh8+ Kg5 78. Qd8+
Kh5 79. Qe8+ Kg5 80. Qe7+ Kh5 81. Qf7+ Kg5 82. Qf2 c3 83. Qf5+ Kh6 84. Qf6+ Kh5
85. Qf7+ Kg5 86. Qg7+ Kh5 87. Qg4+ Kh6 88. Qxh4+ Kg6 89. Qg3+ Kf7 90. b7 Qxe4+
91. Kh2 Qc2+ 92. Qg2 Qxg2+ 93. Kxg2 c2 94. b8=Q c1=Q 95. Qa7+ Kg6 96. Qf2 Qd1
97. Qg3+ Kf5 98. Qf3+ Qxf3+ 99. Kxf3 Kg5 100. Kg3 Kh5 101. h4 e4 102. Kf4 Kxh4
103. Kxe4 Kg4 104. Ke3 Kf5 105. Kd2 Ke4 106. Ke2 Kd4 107. Kd2 Kxd5 108. Kd3 Ke5
109. Ke3 1/2-1/2

[Event "Olimpiada de Khanty-Mansiysk 2010"]
[Site "Khanty-Mansiysk RUS"]
[Date "2010.09.30"]
[Round "9"]
[White "Volodin, Aleksandr"]
[Black "Rios Gomez, Cristhian Cam"]
[Result "1-0"]
[WhiteElo "2433"]
[BlackElo "2380"]
[PlyCount "107"]
[EventDate "2010.09.21"]
[EventType "team"]
[EventRounds "11"]
[EventCountry "RUS"]
[Source "lmi"]
[SourceDate "2010.09.21"]
[WhiteTeam "Estonia"]
[BlackTeam "Colombia"]
[WhiteTeamCountry "EST"]
[BlackTeamCountry "COL"]

1. d4 Nf6 2. c4 g6 3. Nf3 Bg7 4. g3 O-O 5. Bg2 d6 6. O-O Nc6 7. b3 Bg4 8. Bb2
Qc8 9. d5 Nd8 10. Re1 e5 11. dxe6 fxe6 12. h3 Bf5 13. Nc3 e5 14. Kh2 e4 15. Ng5
Ne6 16. Nxe6 Qxe6 17. Nd5 Nxd5 18. Bxg7 Kxg7 19. Qxd5 Qxd5 20. cxd5 Bd7 21.
Rac1 c5 22. dxc6 Bxc6 23. Kg1 Rf6 24. e3 d5 25. Red1 Kf7 26. Bf1 Ke6 27. b4 a6
28. Rd2 Rf7 29. Rc5 Rd8 30. Bxa6 bxa6 31. Rxc6+ Rd6 32. Rc5 Rb7 33. a3 Ke5 34.
Kf1 g5 35. Rdc2 Ke6 36. Rc7 Rxc7 37. Rxc7 h6 38. Ke2 Rb6 39. Rh7 Ke5 40. Re7+
Kd6 41. Rh7 Ke5 42. Rc7 Kd6 43. Rc5 Ke5 44. Rc8 Rd6 45. Rc2 Rf6 46. Rc8 Rd6 47.
f4+ gxf4 48. gxf4+ Kf5 49. Re8 Kf6 50. Re5 Rd8 51. Kd2 Rg8 52. Rxd5 Rg2+ 53.
Kc3 Rg3 54. Kd4 1-0

[Event "Olimpiada de Khanty-Mansiysk 2010"]
[Site "Khanty-Mansiysk RUS"]
[Date "2010.09.30"]
[Round "9"]
[White "Mahjoob, Morteza"]
[Black "Alekseev, Evgeny"]
[Result "0-1"]
[WhiteElo "2529"]
[BlackElo "2691"]
[PlyCount "138"]
[EventDate "2010.09.21"]
[EventType "team"]
[EventRounds "11"]
[EventCountry "RUS"]
[Source "lmi"]
[SourceDate "2010.09.21"]
[WhiteTeam "Irán"]
[BlackTeam "RU2"]
[WhiteTeamCountry "IRI"]

1. d4 Nf6 2. c4 e6 3. g3 c5 4. Nf3 cxd4 5. Nxd4 Qc7 6. Nd2 Nc6 7. Nb5 Qb8 8.
Bg2 a6 9. Nc3 b5 10. a4 bxc4 11. a5 Bb7 12. Nxc4 Ne5 13. Ne3 Bb4 14. O-O O-O
15. Ra4 Be7 16. Qd4 Bxg2 17. Nxg2 Nc6 18. Qd3 d5 19. Bf4 Qb7 20. Rb1 Bb4 21.
Rba1 Rfd8 22. Ne1 Nd7 23. R4a2 Nc5 24. Qd1 e5 25. Bg5 f6 26. Bd2 Nd4 27. Be3
Ndb3 28. Bxc5 Bxc5 29. Nd3 Bf8 30. Rb1 Rab8 31. Nc1 d4 32. Qxb3+ Qxb3 33. Nxb3
Rxb3 34. Ne4 Rc8 35. Nd2 Rb5 36. b3 Kf7 37. Kg2 Bb4 38. Nc4 Ke6 39. e4 dxe3 40.
Nxe3 Rc3 41. Ra4 f5 42. Rd1 Be7 43. Ra2 Rcxb3 44. Rad2 Rb2 45. Rxb2 Rxb2 46.
Rc1 f4 47. gxf4 exf4 48. Nc4 Rb5 49. Re1+ Kf6 50. Kf3 g5 51. h4 Rb3+ 52. Kg4
h5+ 53. Kxh5 Rh3 54. Kg4 Rxh4+ 55. Kf3 g4+ 56. Ke4 Bc5 57. Rf1 Kg5 58. Ne5 Rh7
59. Kd5 Ba7 60. Nc6 g3 61. fxg3 fxg3 62. Nxa7 Rxa7 63. Kc6 Rg7 64. Kb6 Rg6+ 65.
Kb7 Kg4 66. Rg1 Kf3 67. Rf1+ Ke2 68. Rb1 g2 69. Ra1 Kf2 0-1

[Event "Olimpiada de Khanty-Mansiysk 2010"]
[Site "Khanty-Mansiysk RUS"]
[Date "2010.09.30"]
[Round "9"]
[White "Golizadeh, Asghar"]
[Black "Timofeev, Artyom"]
[Result "1/2-1/2"]
[WhiteElo "2481"]
[BlackElo "2690"]
[PlyCount "80"]
[EventDate "2010.09.21"]
[EventType "team"]
[EventRounds "11"]
[EventCountry "RUS"]
[Source "lmi"]
[SourceDate "2010.09.21"]
[WhiteTeam "Irán"]
[BlackTeam "RU2"]
[WhiteTeamCountry "IRI"]

1. e4 c5 2. Nf3 Nc6 3. Bb5 d6 4. O-O Bd7 5. Re1 Nf6 6. c3 a6 7. Bf1 Bg4 8. d4
cxd4 9. cxd4 e5 10. d5 Nd4 11. Be3 Nxf3+ 12. gxf3 Bd7 13. Qb3 b5 14. Nc3 Rb8
15. a4 bxa4 16. Qc2 Be7 17. Nxa4 O-O 18. Rec1 a5 19. Qc7 Qxc7 20. Rxc7 Bd8 21.
Rc2 Nh5 22. Nc3 g6 23. Nb1 f5 24. Na3 fxe4 25. fxe4 Nf6 26. Nc4 Nxe4 27. Nxa5
Bg5 28. Nc6 Rb3 29. Re1 Bxe3 30. Rxe3 Rxf2 31. Rxb3 Rxc2 32. Rb8+ Kf7 33. Rb7
Nc5 34. Rc7 Rxb2 35. Bh3 Ke8 36. Bxd7+ Nxd7 37. Rc8+ Kf7 38. Rc7 Ke8 39. Rc8+
Kf7 40. Rc7 Ke8 1/2-1/2

[Event "Olimpiada de Khanty-Mansiysk 2010"]
[Site "Khanty-Mansiysk RUS"]
[Date "2010.09.30"]
[Round "9"]
[White "Kazhgaleyev, Murtas"]
[Black "Le, Quang Liem"]
[Result "1/2-1/2"]
[WhiteElo "2620"]
[BlackElo "2694"]
[PlyCount "109"]
[EventDate "2010.09.21"]
[EventType "team"]
[EventRounds "11"]
[EventCountry "RUS"]
[Source "lmi"]
[SourceDate "2010.09.21"]
[WhiteTeam "Kazajstán"]
[BlackTeam "Vietnam"]
[WhiteTeamCountry "KAZ"]
[BlackTeamCountry "VIE"]

1. d4 Nf6 2. c4 g6 3. Nc3 d5 4. Bg5 Bg7 5. Bxf6 Bxf6 6. cxd5 c6 7. e4 Qb6 8. e5
Qxb2 9. Qc1 Qxc1+ 10. Rxc1 Bg7 11. Bc4 O-O 12. f4 cxd5 13. Bxd5 Nc6 14. Nf3 Bh6
15. g3 Rd8 16. Kf2 Bf5 17. Ke3 Rac8 18. Be4 Bg4 19. Ne2 Be6 20. Rc5 Nb4 21.
Rhc1 Nxa2 22. Ra1 Nb4 23. Rxa7 Nd5+ 24. Kf2 b6 25. Rb5 f6 26. Rb7 Bf8 27. Bxd5
Bxd5 28. R7xb6 Rc2 29. Rb2 Rxb2 30. Rxb2 Rc8 31. Rb5 Bc4 32. Rc5 Rxc5 33. dxc5
e6 34. c6 Bc5+ 35. Ke1 Kf7 36. Nc3 f5 37. Na4 Bb4+ 38. Kf2 Ba5 39. Nd4 Ke7 40.
Ke3 Kd8 41. Nc5 Ke7 42. Nd7 h6 43. h4 h5 44. Nc5 Bb6 45. Na4 Ba7 46. Nc3 Kd8
47. Nb1 Kc7 48. Na3 Ba6 49. Nac2 Bb6 50. Kd2 Ba5+ 51. Kd1 Bc4 52. Ne3 Bb6 53.
Nec2 Ba5 54. Ne3 Bb6 55. Nec2 1/2-1/2

[Event "Olimpiada de Khanty-Mansiysk 2010"]
[Site "Khanty-Mansiysk RUS"]
[Date "2010.09.30"]
[Round "9"]
[White "Nguyen, Ngoc Truong Son"]
[Black "Jumabayev, Rinat"]
[Result "0-1"]
[WhiteElo "2633"]
[BlackElo "2547"]
[PlyCount "94"]
[EventDate "2010.09.21"]
[EventType "team"]
[EventRounds "11"]
[EventCountry "RUS"]
[Source "lmi"]
[SourceDate "2010.09.21"]
[WhiteTeam "Vietnam"]
[BlackTeam "Kazajstán"]
[WhiteTeamCountry "VIE"]
[BlackTeamCountry "KAZ"]

1. d4 e6 2. Bf4 Nf6 3. e3 b6 4. Nd2 Bb7 5. Ngf3 Be7 6. h3 O-O 7. c3 c5 8. Be2
cxd4 9. cxd4 Ba6 10. O-O Qc8 11. Rc1 Bxe2 12. Qxe2 Qa6 13. Qxa6 Nxa6 14. Ne5
Rfc8 15. Bg5 Kf8 16. a3 Ke8 17. Bf4 d6 18. Nd3 Nd5 19. Rfd1 Kd7 20. Kf1 f5 21.
Ke2 Rxc1 22. Rxc1 Nb8 23. Bh2 g5 24. f3 Nc6 25. Bg1 Rf8 26. Bf2 Nc7 27. h4 gxh4
28. Rh1 Rg8 29. Ne1 Rg6 30. f4 e5 31. dxe5 dxe5 32. Ndf3 e4 33. Nxh4 Rh6 34.
Nc2 Ke6 35. Na1 Nd5 36. Nb3 Bf6 37. g4 fxg4 38. Nd2 Bxb2 39. Nxe4 Nce7 40. Rd1
Bf6 41. Nxf6 Nxf6 42. Kd3 Nf5 43. Nxf5 Kxf5 44. Ke2 Rh2 45. Kf1 Ne4 46. Rd5+
Kf6 47. Be1 Rh1+ 0-1

[Event "Olimpiada de Khanty-Mansiysk 2010"]
[Site "Khanty-Mansiysk RUS"]
[Date "2010.09.30"]
[Round "9"]
[White "Kuderinov, Kirill"]
[Black "Nguyen, Anh Dung"]
[Result "1/2-1/2"]
[WhiteElo "2481"]
[BlackElo "2500"]
[PlyCount "53"]
[EventDate "2010.09.21"]
[EventType "team"]
[EventRounds "11"]
[EventCountry "RUS"]
[Source "lmi"]
[SourceDate "2010.09.21"]
[WhiteTeam "Kazajstán"]
[BlackTeam "Vietnam"]
[WhiteTeamCountry "KAZ"]
[BlackTeamCountry "VIE"]

1. e4 e5 2. Nf3 Nc6 3. Bc4 Bc5 4. d3 Nf6 5. c3 d6 6. h3 h6 7. O-O O-O 8. Re1 a6
9. Bb3 Ba7 10. Be3 Bxe3 11. Rxe3 d5 12. Nbd2 Re8 13. exd5 Nxd5 14. Bxd5 Qxd5
15. d4 Bf5 16. Qe2 e4 17. Re1 Re6 18. Nxe4 Bxe4 19. Rxe4 Rae8 20. Rxe6 Rxe6 21.
Qd2 Qxa2 22. Rxe6 fxe6 23. Qf4 Qxb2 24. Qxc7 Qxc3 25. Qxb7 Qc1+ 26. Kh2 Qf4+
27. Kg1 1/2-1/2

[Event "Olimpiada de Khanty-Mansiysk 2010"]
[Site "Khanty-Mansiysk RUS"]
[Date "2010.09.30"]
[Round "9"]
[White "Dao, Thien Hai"]
[Black "Ismagambetov, Anuar"]
[Result "1-0"]
[WhiteElo "2520"]
[BlackElo "2492"]
[PlyCount "115"]
[EventDate "2010.09.21"]
[EventType "team"]
[EventRounds "11"]
[EventCountry "RUS"]
[Source "lmi"]
[SourceDate "2010.09.21"]
[WhiteTeam "Vietnam"]
[BlackTeam "Kazajstán"]
[WhiteTeamCountry "VIE"]
[BlackTeamCountry "KAZ"]

1. d4 Nf6 2. c4 e6 3. Nf3 d5 4. Nc3 dxc4 5. e4 Bb4 6. e5 Nd5 7. Bd2 Bxc3 8.
bxc3 b5 9. Be2 h6 10. O-O Nd7 11. a4 c6 12. Qb1 a6 13. Qe4 O-O 14. Bd1 f5 15.
exf6 Qxf6 16. Re1 Rb8 17. axb5 axb5 18. Bc2 Qf5 19. Qxe6+ Qxe6 20. Rxe6 Rf6 21.
Ree1 b4 22. cxb4 c3 23. Bc1 Nxb4 24. Bb3+ Nd5 25. Ra3 N7b6 26. Ne5 Bf5 27. g4
Bc8 28. f4 h5 29. h3 hxg4 30. hxg4 Bxg4 31. Nxg4 Rg6 32. Bd1 Nc4 33. f5 Nxa3
34. fxg6 Nb5 35. Ne3 Re8 36. Kf2 Nxd4 37. Nxd5 Rxe1 38. Kxe1 cxd5 39. Ba4 Nf3+
40. Ke2 Ne5 41. Bb3 Nxg6 42. Bxd5+ Kh8 43. Kd3 Ne7 44. Be4 Kg8 45. Kxc3 Kf7 46.
Kd4 Kf6 47. Bb1 g5 48. Ke4 Ng8 49. Bc2 Kg6 50. Bd2 Nh6 51. Ke5+ Kh5 52. Bd1+
Kg6 53. Ke6 Ng8 54. Ba4 Kh5 55. Be8+ Kh4 56. Kf7 g4 57. Kxg8 g3 58. Bd7 1-0

[Event "Olimpiada de Khanty-Mansiysk 2010"]
[Site "Khanty-Mansiysk RUS"]
[Date "2010.09.30"]
[Round "9"]
[White "Banikas, Hristos"]
[Black "Seitaj, Ilir"]
[Result "1/2-1/2"]
[WhiteElo "2590"]
[BlackElo "2390"]
[PlyCount "79"]
[EventDate "2010.09.21"]
[EventType "team"]
[EventRounds "11"]
[EventCountry "RUS"]
[Source "lmi"]
[SourceDate "2010.09.21"]
[WhiteTeam "Grecia"]
[BlackTeam "Albania"]
[WhiteTeamCountry "GRE"]
[BlackTeamCountry "ALB"]

1. d4 d5 2. c4 e6 3. Nc3 c5 4. cxd5 exd5 5. Nf3 Nc6 6. g3 Nf6 7. Bg2 Be7 8. O-O
O-O 9. dxc5 Bxc5 10. a3 Re8 11. b4 Bb6 12. Bg5 Be6 13. Na4 h6 14. Nxb6 axb6 15.
Be3 Ne4 16. Qd3 Nd6 17. Nd2 Qf6 18. Bxb6 Nxb4 19. Qb3 Nc6 20. Bc5 Na5 21. Qd3
Ndc4 22. Bd4 Qf5 23. e4 Qg6 24. Bc3 Nxd2 25. Bxd2 Nc4 26. Bb4 Rad8 27. Rfe1 b5
28. Qd4 dxe4 29. Qxe4 Qxe4 30. Bxe4 Bd5 31. Bxd5 Rxe1+ 32. Rxe1 Rxd5 33. Re8+
Kh7 34. Kg2 Rd3 35. Ra8 h5 36. Ra7 Kg6 37. Ra6+ Kh7 38. Ra7 Kg6 39. Ra6+ Kh7
40. Ra7 1/2-1/2

[Event "Olimpiada de Khanty-Mansiysk 2010"]
[Site "Khanty-Mansiysk RUS"]
[Date "2010.09.30"]
[Round "9"]
[White "Rama, Lorenc"]
[Black "Mastrovasilis, Dimitrios"]
[Result "0-1"]
[WhiteElo "2276"]
[BlackElo "2569"]
[PlyCount "76"]
[EventDate "2010.09.21"]
[EventType "team"]
[EventRounds "11"]
[EventCountry "RUS"]
[Source "lmi"]
[SourceDate "2010.09.21"]
[WhiteTeam "Albania"]
[BlackTeam "Grecia"]
[WhiteTeamCountry "ALB"]
[BlackTeamCountry "GRE"]

1. Nf3 d5 2. b3 Bg4 3. e3 Nd7 4. h3 Bh5 5. Bb2 Ngf6 6. Be2 e6 7. d3 c6 8. Nbd2
Qc7 9. g4 Bg6 10. g5 Ng8 11. Nh4 O-O-O 12. f4 Ne7 13. Ndf3 Bh5 14. Qd2 h6 15.
gxh6 Rxh6 16. O-O-O f6 17. d4 c5 18. c4 Nc6 19. f5 Bf7 20. cxd5 exd5 21. Kb1 c4
22. Ng2 cxb3 23. axb3 Qb6 24. Qd3 a6 25. Rc1 Kb8 26. Nf4 Bd6 27. Ne1 Nb4 28.
Qd2 Nc6 29. Qd3 Re8 30. Neg2 Nf8 31. Bf3 g5 32. Ne2 Ng6 33. Nc3 Qxb3 34. Qd1
Qxd1 35. Rcxd1 Nge7 36. Bg4 Na5 37. Rhe1 Nc4 38. e4 Bb4 0-1

[Event "Olimpiada de Khanty-Mansiysk 2010"]
[Site "Khanty-Mansiysk RUS"]
[Date "2010.09.30"]
[Round "9"]
[White "Halkias, Stelios"]
[Black "Boshku, Harallamb"]
[Result "1-0"]
[WhiteElo "2577"]
[BlackElo "2314"]
[PlyCount "133"]
[EventDate "2010.09.21"]
[EventType "team"]
[EventRounds "11"]
[EventCountry "RUS"]
[Source "lmi"]
[SourceDate "2010.09.21"]
[WhiteTeam "Grecia"]
[BlackTeam "Albania"]
[WhiteTeamCountry "GRE"]
[BlackTeamCountry "ALB"]

1. d4 Nf6 2. Nf3 e6 3. e3 c5 4. Bd3 b6 5. O-O Bb7 6. c4 Nc6 7. b3 d5 8. Bb2 Bd6
9. Nbd2 O-O 10. Qe2 Nb4 11. Bb1 a5 12. e4 dxe4 13. Nxe4 Nxe4 14. Bxe4 Bxe4 15.
Qxe4 Qe7 16. Rfe1 Rfe8 17. Rad1 Rad8 18. h4 h6 19. a3 Na6 20. d5 Nc7 21. Qg4 f5
22. Qg6 Qf7 23. Qxf7+ Kxf7 24. Ne5+ Kg8 25. Nc6 Rd7 26. dxe6 Nxe6 27. Rd5 Nc7
28. Rxe8+ Nxe8 29. Rxf5 Bf8 30. Be5 Rd3 31. Rf3 Rxf3 32. gxf3 Kf7 33. Kg2 Bd6
34. Bg3 Ke6 35. a4 h5 36. Na7 Kd7 37. Nb5 Be7 38. Nc3 Bd8 39. Nd5 Nf6 40. Nc3
Nh7 41. Nd5 Nf6 42. Nf4 Bc7 43. Ng6 Bd6 44. Kf1 Ke6 45. Ke2 Ne8 46. Ke3 Kf5 47.
Bxd6 Nxd6 48. Ne7+ Ke6 49. Nd5 Nf5+ 50. Ke4 Nxh4 51. Nf4+ Kd6 52. Nxh5 g6 53.
Ng3 Ke6 54. Kf4 Ng2+ 55. Kg5 Ke5 56. Ne2 Ne1 57. f4+ Ke4 58. Kxg6 Nf3 59. f5
Kd3 60. Nf4+ Ke4 61. Nd5 Nh4+ 62. Kf6 Nf3 63. Nxb6 Nd4 64. Nd7 Nxb3 65. Kg6 Kd3
66. f6 Nd4 67. f7 1-0

[Event "Olimpiada de Khanty-Mansiysk 2010"]
[Site "Khanty-Mansiysk RUS"]
[Date "2010.09.30"]
[Round "9"]
[White "Van Wely, Loek"]
[Black "Kasimdzhanov, Rustam"]
[Result "1/2-1/2"]
[WhiteElo "2679"]
[BlackElo "2685"]
[PlyCount "41"]
[EventDate "2010.09.21"]
[EventType "team"]
[EventRounds "11"]
[EventCountry "RUS"]
[Source "lmi"]
[SourceDate "2010.09.21"]
[WhiteTeam "Holanda"]
[BlackTeam "Uzbekistán"]
[WhiteTeamCountry "NED"]
[BlackTeamCountry "UZB"]

1. d4 d5 2. c4 e6 3. Nf3 Nf6 4. Nc3 Be7 5. Bg5 h6 6. Bh4 O-O 7. e3 Ne4 8. Bxe7
Qxe7 9. Rc1 c6 10. Be2 Nxc3 11. Rxc3 Nd7 12. Qc2 dxc4 13. Bxc4 b6 14. Bd3 Nf6
15. Rxc6 Nd5 16. Qb3 Nb4 17. Rc1 Nxd3+ 18. Qxd3 Bb7 19. O-O Bxf3 20. gxf3 Qg5+
21. Kh1 1/2-1/2

[Event "Olimpiada de Khanty-Mansiysk 2010"]
[Site "Khanty-Mansiysk RUS"]
[Date "2010.09.30"]
[Round "9"]
[White "Filippov, Anton"]
[Black "Smeets, Jan"]
[Result "1/2-1/2"]
[WhiteElo "2609"]
[BlackElo "2669"]
[PlyCount "92"]
[EventDate "2010.09.21"]
[EventType "team"]
[EventRounds "11"]
[EventCountry "RUS"]
[Source "lmi"]
[SourceDate "2010.09.21"]
[WhiteTeam "Uzbekistán"]
[BlackTeam "Holanda"]
[WhiteTeamCountry "UZB"]
[BlackTeamCountry "NED"]

1. d4 d5 2. c4 c6 3. Nf3 Nf6 4. cxd5 cxd5 5. Nc3 Nc6 6. Bf4 Nh5 7. Bd2 Nf6 8.
Bf4 Nh5 9. Bd2 Nf6 10. e3 a6 11. Ne5 Nxe5 12. dxe5 Nd7 13. Nxd5 e6 14. Nf4 Nxe5
15. Bc3 Qxd1+ 16. Rxd1 Nc6 17. a3 Bd7 18. Be2 Rg8 19. O-O Na7 20. Rd2 Rc8 21.
Bf3 Bc6 22. Bg4 Rd8 23. Rxd8+ Kxd8 24. Rd1+ Ke8 25. Bd4 Nb5 26. Be5 Ke7 27. a4
Na7 28. b3 Be4 29. Rd2 Nc6 30. Bc3 g6 31. b4 Bg7 32. Bxg7 Rxg7 33. b5 axb5 34.
axb5 Ne5 35. Be2 g5 36. Nh5 Rg8 37. Ng3 Bd5 38. Nf5+ Kf6 39. Nd6 Ke7 40. Nf5+
Kf6 41. Nd6 Ra8 42. f3 Ke7 43. Nf5+ Kf6 44. Nd6 Ke7 45. Nf5+ Kf6 46. Nd6 Ke7
1/2-1/2

[Event "Olimpiada de Khanty-Mansiysk 2010"]
[Site "Khanty-Mansiysk RUS"]
[Date "2010.09.30"]
[Round "9"]
[White "Kvon, Andrey"]
[Black "Stellwagen, Daniel"]
[Result "1/2-1/2"]
[WhiteElo "2448"]
[BlackElo "2635"]
[PlyCount "104"]
[EventDate "2010.09.21"]
[EventType "team"]
[EventRounds "11"]
[EventCountry "RUS"]
[Source "lmi"]
[SourceDate "2010.09.21"]
[WhiteTeam "Uzbekistán"]
[BlackTeam "Holanda"]
[WhiteTeamCountry "UZB"]
[BlackTeamCountry "NED"]

1. d4 Nf6 2. c4 g6 3. Nc3 Bg7 4. e4 d6 5. f3 O-O 6. Be3 c5 7. dxc5 dxc5 8. Qxd8
Rxd8 9. Bxc5 Nc6 10. Ba3 a5 11. Rd1 Rxd1+ 12. Kxd1 Nb4 13. Nge2 e6 14. Nc1 Bd7
15. Nd3 Bf8 16. c5 Na6 17. e5 Nd5 18. Nxd5 exd5 19. Kd2 d4 20. Be2 Bc6 21. Rg1
Nc7 22. f4 Nd5 23. Bf3 Bh6 24. Bxd5 Bxd5 25. g4 Bxa2 26. g5 Bf8 27. Nf2 h6 28.
h4 Bd5 29. Kd3 Bc6 30. Kxd4 Be7 31. Ke3 Kg7 32. Rg3 Rd8 33. Rg1 Rh8 34. Rg3 Rd8
35. Rg1 Rh8 36. Rd1 hxg5 37. hxg5 Rh2 38. Rg1 Kf8 39. Rg3 Ke8 40. Rh3 Rg2 41.
Ne4 Kd7 42. Nc3 a4 43. Ne2 Bd5 44. Rg3 Rh2 45. Rg1 Rh3+ 46. Rg3 Rh2 47. Rg1
Rh3+ 48. Rg3 Rh4 49. Rg1 Rh3+ 50. Rg3 Rh2 51. Rg1 Rh3+ 52. Rg3 Rh2 1/2-1/2

[Event "Olimpiada de Khanty-Mansiysk 2010"]
[Site "Khanty-Mansiysk RUS"]
[Date "2010.09.30"]
[Round "9"]
[White "Morovic Fernandez, Ivan"]
[Black "Stefansson, Hannes"]
[Result "1/2-1/2"]
[WhiteElo "2580"]
[BlackElo "2585"]
[PlyCount "34"]
[EventDate "2010.09.21"]
[EventType "team"]
[EventRounds "11"]
[EventCountry "RUS"]
[Source "lmi"]
[SourceDate "2010.09.21"]
[WhiteTeam "Chile"]
[BlackTeam "Islandia"]
[WhiteTeamCountry "CHI"]
[BlackTeamCountry "ISL"]

1. d4 Nf6 2. c4 e6 3. Nc3 Bb4 4. e3 O-O 5. Bd3 d5 6. Nf3 c5 7. O-O cxd4 8. exd4
dxc4 9. Bxc4 b6 10. Bg5 Bxc3 11. bxc3 Bb7 12. Ne5 Qc7 13. Bxf6 gxf6 14. Qg4+
Kh8 15. Qh4 fxe5 16. Qf6+ Kg8 17. Qg5+ Kh8 1/2-1/2

[Event "Olimpiada de Khanty-Mansiysk 2010"]
[Site "Khanty-Mansiysk RUS"]
[Date "2010.09.30"]
[Round "9"]
[White "Steingrimsson, Hedinn"]
[Black "Vasquez Schroeder, Rodrig"]
[Result "1/2-1/2"]
[WhiteElo "2550"]
[BlackElo "2521"]
[PlyCount "65"]
[EventDate "2010.09.21"]
[EventType "team"]
[EventRounds "11"]
[EventCountry "RUS"]
[Source "lmi"]
[SourceDate "2010.09.21"]
[WhiteTeam "Islandia"]
[BlackTeam "Chile"]
[WhiteTeamCountry "ISL"]
[BlackTeamCountry "CHI"]

1. d4 d5 2. c4 c6 3. Nf3 Nf6 4. e3 Bg4 5. Nc3 e6 6. Qb3 Qc7 7. Ne5 Bf5 8. Bd2
Nbd7 9. Nxd7 Qxd7 10. Be2 Bd6 11. O-O O-O 12. Rfd1 Rab8 13. Rac1 Rfc8 14. a3 h5
15. f3 Qc7 16. f4 Qe7 17. c5 Bc7 18. Qa4 b6 19. b4 bxc5 20. dxc5 e5 21. Qxc6 d4
22. Nd5 Nxd5 23. Qxd5 Rd8 24. Qc4 Be6 25. Qa6 dxe3 26. Bxe3 exf4 27. Bf2 Bd5
28. Bf3 Bxf3 29. gxf3 Qg5+ 30. Kh1 Qf5 31. Kg2 Qg5+ 32. Kh1 Qf5 33. Kg2 1/2-1/2

[Event "Olimpiada de Khanty-Mansiysk 2010"]
[Site "Khanty-Mansiysk RUS"]
[Date "2010.09.30"]
[Round "9"]
[White "Campos Moreno, Javier B"]
[Black "Thorfinnsson, Bragi"]
[Result "1-0"]
[WhiteElo "2484"]
[BlackElo "2415"]
[PlyCount "148"]
[EventDate "2010.09.21"]
[EventType "team"]
[EventRounds "11"]
[EventCountry "RUS"]
[Source "lmi"]
[SourceDate "2010.09.21"]
[WhiteTeam "Chile"]
[BlackTeam "Islandia"]
[WhiteTeamCountry "CHI"]
[BlackTeamCountry "ISL"]

1. d4 d5 2. c4 c6 3. cxd5 cxd5 4. Nc3 Nf6 5. Bf4 Nc6 6. e3 a6 7. Be2 h6 8. Nf3
Bg4 9. O-O e6 10. Qb3 Bxf3 11. Bxf3 Na5 12. Qa4+ b5 13. Qc2 Bd6 14. Bxd6 Qxd6
15. e4 dxe4 16. Nxe4 Nxe4 17. Bxe4 Rd8 18. d5 O-O 19. dxe6 Qxe6 20. Rfe1 Qf6
21. b3 Rc8 22. Qd3 Nc6 23. Rac1 Nd4 24. Rxc8 Rxc8 25. Bb7 Rd8 26. h3 a5 27. Qe4
b4 28. Qe5 Qb6 29. Bd5 Nb5 30. Re3 Qc7 31. Bc4 Rd1+ 32. Kh2 Qxe5+ 33. Rxe5 Nd6
34. Rxa5 Nxc4 35. bxc4 Rc1 36. c5 g5 37. g4 Rc3 38. Kg2 b3 39. a4 Kf8 40. Rb5
b2 41. Rxb2 Rxc5 42. Ra2 Ra5 43. Kf3 Ke7 44. Ke4 Ke6 45. Ra3 Kd6 46. Kd4 f5 47.
Kc4 Kc6 48. f3 f4 49. Kb4 Re5 50. a5 Kb7 51. Rd3 Re1 52. Rd7+ Kb8 53. Rh7 Re3
54. Rxh6 Rxf3 55. Rh5 Re3 56. Rxg5 Rxh3 57. Rf5 Rf3 58. Kc4 Ra3 59. Kd4 Ra4+
60. Kd3 Kc7 61. Ke2 Kd6 62. Kf3 Ke6 63. Kg2 Ra3 64. Kh2 Ke7 65. Rxf4 Rxa5 66.
Kg3 Ra8 67. Kh4 Ra5 68. g5 Ke6 69. Kh5 Ra8 70. Kh6 Ke5 71. Rf1 Rh8+ 72. Kg7 Rh2
73. g6 Rg2 74. Kf7 Kd5 1-0

[Event "Olimpiada de Khanty-Mansiysk 2010"]
[Site "Khanty-Mansiysk RUS"]
[Date "2010.09.30"]
[Round "9"]
[White "Gretarsson, Hjorvar Stein"]
[Black "Lopez Silva, Hugo"]
[Result "0-1"]
[WhiteElo "2398"]
[BlackElo "2413"]
[PlyCount "64"]
[EventDate "2010.09.21"]
[EventType "team"]
[EventRounds "11"]
[EventCountry "RUS"]
[Source "lmi"]
[SourceDate "2010.09.21"]
[WhiteTeam "Islandia"]
[BlackTeam "Chile"]
[WhiteTeamCountry "ISL"]
[BlackTeamCountry "CHI"]

1. d4 Nf6 2. c4 c5 3. d5 e6 4. Nc3 exd5 5. cxd5 d6 6. Nf3 g6 7. h3 a6 8. a4 Qe7
9. Bf4 Bg7 10. e3 O-O 11. Be2 Nbd7 12. O-O Ne8 13. Qb3 Rb8 14. Rfe1 f5 15. a5
b5 16. axb6 Rxb6 17. Qc2 Ne5 18. Nd2 Nc7 19. Bg3 g5 20. f4 Ng6 21. Bd3 gxf4 22.
exf4 Bd4+ 23. Kh1 Qf6 24. Rac1 Rb4 25. Nf3 Bb7 26. Ng5 Nxd5 27. Re6 Qg7 28. Qd2
Ndxf4 29. Bxf4 Nxf4 30. Qxf4 Be5 31. Qf2 Qxg5 32. Rf1 Rh4 0-1